Countries Jessie Reyez has Visited - Statistics

General Stats
  • This quiz has been taken 21 times
    8 since last reset
  • The average score is 18 of 23
Answer Stats
Continent Country % Correct
South America Argentina
100%
Oceania Australia
100%
Europe Belgium
80%
South America Brazil
80%
North America Canada
80%
South America Colombia
80%
Europe Denmark
80%
Europe France
80%
Europe Germany
80%
Europe Ireland
80%
Asia Japan
80%
North America Mexico
80%
Europe Netherlands
80%
Oceania New Zealand
80%
Europe Portugal
80%
Europe Spain
80%
Europe Switzerland
80%
Europe United Kingdom
80%
North America United States of America
80%
South America Chile
60%
Europe Norway
60%
Asia South Korea
60%
Europe Sweden
60%
No matching quizzes found
Score Distribution
Percent of People with Each Score
Percentile by Number Answered
Your Score History
You have not taken this quiz since the last reset